| 000 | 004750000a22001810004500 | ||
|---|---|---|---|
| 003 | MACL | ||
| 005 | 20151222161406.0 | ||
| 008 | 151222b xxu||||| |||| 00| 0 eng d | ||
| 040 |
_aMACL _cMACL |
||
| 041 | _aEnglish | ||
| 082 | _a800/BAN | ||
| 100 |
_aBenette, Raymond _922190 |
||
| 245 |
_aThe Encyclopaedia Of Nobel Laureates _bVol 3 |
||
| 260 |
_bDominant Publishers and Distributors _c2002 |
||
| 350 | _a975 | ||
| 650 |
_aLiterature _922191 |
||
| 942 |
_cBK _k800/BAN _2ddc |
||
| 999 |
_c40382 _d40382 |
||